000 00641nam a22002057a 4500
005 20140116104829.0
010 _aENG-109094
020 _a9788174469564
_c295.00
035 _aEN-92627
037 _bDBAD/PUB
082 _a658.4060954
245 _aReadings in organization development /
_cby Nina Jacob [and] Sanjay Kumar Singh
260 _aNew Delhi
_bExcel Books
_c2011
270 _aA- 45, Naraina, Phase 1
_bNew Delhi
_e110028
300 _aviii,160p.
_c24cm(pbk)
500 _aIncludes bibliographical references
700 _aJacob,Nina
700 _aSanjay Kumar Singh
942 _2ddc
_cEN
_mREA
_h658.4060954
999 _c81880
_d81880